Tallest roller coasters - Statistics

General Stats
  • This quiz has been taken 208 times
  • The average score is 9 of 10
Answer Stats
Hint Answer % Correct
1# Kingda ka
99%
2# Top thrill dragster
96%
5# Fury325
93%
4# Red force
88%
7# Millennium force
87%
9# Intimidator 305
84%
10# Orion
84%
8# Leviathan
80%
6# Steel dragon2000
78%
3# Superman
78%
No matching quizzes found
Score Distribution
Percent of People with Each Score
Percentile by Number Answered
Your Score History
You have not taken this quiz